000
nam a22 7a 4500
999
_c
233699
_d
233699
003
Nust
005
20170310105327.0
008
170310b xxu||||| |||| 00| 0 eng d
040
_c
DLC
082
_a
363.125 HIG
245
_a
Highway Safety Improvement Program : assessment toolbox
942
_2
ddc
_c
BK